The Cambridge companion to E.M. Forster / (رقم التسجيلة. 38409)

تفاصيل مارك
000 -الفاتح
حقل البيانات ثابتة الطول 01595cam a2200397 a 4500
001 - رقم الضبط
رقم الضبط 14931230
003 - محدد رقم الضبط
رقم الضبط OSt
005 - وقت وتاريخ اخر تعامل مع التسجيلة
رقم الضبط 20151013161100.0
008 - عناصر البيانات ثابتة الطول - معلومات عامة
حقل البيانات ثابتة الطول 070717s2007 enk 000 0 eng d
010 ## - رقم ضبط مكتبة الكونجرس
رقم ضبط مكتبة الكونجرس 2007277749
015 ## - رقم الببليوجرافية الوطنية
رقم الببليوجرافية الوطنية GBA687791
المصدر bnb
016 7# - رقم ضبط الوكاله الوطنية للضبط الببليوجرافي
رقم ضبط التسجيلة 013578261
المصدر Uk
020 ## - الرقم الدولى المعيارى للكتب
الرقم الدولى المعيارى للكتاب 9780521834759 (hbk.)
020 ## - الرقم الدولى المعيارى للكتب
الرقم الدولى المعيارى للكتاب 0521834759 (hbk.)
020 ## - الرقم الدولى المعيارى للكتب
الرقم الدولى المعيارى للكتاب 9780521542524 (pbk.)
020 ## - الرقم الدولى المعيارى للكتب
الرقم الدولى المعيارى للكتاب 0521542529 (pbk.)
035 ## - رقم ضبط النظام
رقم ضبط النظام (CStRLIN)CUBGGLAD17527045-B
040 ## - مصدر الفهرسة
وكالة الفهرسة الأصلية UKM
وكالة النسخ UKM
وكالة التعديل BAKER
-- BWKUK
-- YDXCP
-- BTCTA
-- IXA
-- CUY
-- DLC
042 ## - رمز التحقق
رمز التحقق lccopycat
050 00 - رقم طلب مكتبة الكونجرس
رقم التصنيف PR6011.O58
رقم المادة Z64545 2007
082 04 - رقم تصنيف ديوى العشرى
رقم التصنيف 823.912
رقم الطبعة 22
رقم المادة CAC
245 04 - بيان العنوان
العنوان The Cambridge companion to E.M. Forster /
بيان المسئوليه,etc edited by David Bradshaw.
260 ## - PUBLICATION, DISTRIBUTION, ETC. (IMPRINT)
مكان الناشر او الموزع Cambridge;
-- New York :
اسم الناشر او الموزع Cambridge University Press,
تاريخ النشر أو التوزيع 2007.
300 ## - الوصف المادى
التعداد xvii, 287 p. ;
أبعاد الوعاء 24 cm.
490 1# - بيان السلسلة
عنوان السلسلة Cambridge companions
504 ## - تبصرة ببليوجرافية
تبصرة ببليوجرافية,الخ Includes bibliographical references (p. 274-280) and index.
600 10 - المدخل الاضافى بالموضوع-اسم شخصى
الإسم الشخصى Forster, E. M.
الشكل الأكمل للاسم (Edward Morgan),
التواريخ المصاحبة للاسم 1879-1970
التقسيم الفرعي العام Criticism and interpretation
9 (RLIN) 52194
700 1# - المدخل الاضافى - اسم شخصى
الإسم الشخصى Bradshaw, David,
التواريخ المصاحبة للاسم 1955-
9 (RLIN) 8531
830 #0 - المدخل الاضافى بالسلسلة -عنوان موحد
عنوان موحد Cambridge companions.
9 (RLIN) 38305
856 42 - الوصول و الموقع الالكترونى
مواد محددة Publisher description
معرف المصدر الموحد <a href="http://www.loc.gov/catdir/enhancements/fy0729/2007277749-d.html">http://www.loc.gov/catdir/enhancements/fy0729/2007277749-d.html</a>
856 42 - الوصول و الموقع الالكترونى
مواد محددة Contributor biographical information
معرف المصدر الموحد <a href="http://www.loc.gov/catdir/enhancements/fy0729/2007277749-b.html">http://www.loc.gov/catdir/enhancements/fy0729/2007277749-b.html</a>
856 41 - الوصول و الموقع الالكترونى
مواد محددة Table of contents only
معرف المصدر الموحد <a href="http://www.loc.gov/catdir/enhancements/fy0729/2007277749-t.html">http://www.loc.gov/catdir/enhancements/fy0729/2007277749-t.html</a>
906 ## - عنصر بيانات محلى F, LDF (RLIN)
a 7
b cbc
c copycat
d 2
e ncip
f 20
g y-gencatlg
942 ## - عناصر المدخل الإضافي( كوها)
مصدر التصنيف او مخطط الترفيف Dewey Decimal Classification
Koha [default] item type كتاب
المقتنيات
حالة الفقد نموذج السعر الفعال حالة تلف ليس للاعارة رقم الطلب تاريخ الاكتساب الموقع الحالي الباركود الفرع الرئيسي Date last seen نوع المادة فى نظام كوها مصدر التصنيف او خطة الترفيف Total Checkouts
  2015-10-13     823.912 CAC 2015-10-13 المكتبة المركزية بالمجمعة (CL) 00654123 المكتبة المركزية بالمجمعة (CL) 2015-10-13 كتاب Dewey Decimal Classification  
  2015-10-13     823.912 CAC 2015-10-13 المكتبة المركزية بالمجمعة (CL) 00654124 المكتبة المركزية بالمجمعة (CL) 2015-10-13 كتاب Dewey Decimal Classification  
  2015-10-13     823.912 CAC 2015-10-13 المكتبة المركزية بالمجمعة (CL) 00654125 المكتبة المركزية بالمجمعة (CL) 2015-10-13 كتاب Dewey Decimal Classification